Statistiques concernant Culture Générale - Série 1006

Cliquez ici pour prendre le quiz!

Statistiques générales

  • Ce quiz a été pris 48 fois
  • Le résultat moyen est 6 sur 10

Statistiques - réponses

Question Réponse % Correct
À quel petit mammifère insectivore compare-t-on une personne myope ?taupe
95%
Le mot "mytho" est l'abréviation familière de...mythomane
88%
Quelle pièce de harnais, issue du verbe "mordre", est placé dans la bouche d'un cheval pour le diriger ?mors
84%
Au tennis, quel mot anglais désigne le coup qui consiste à envoyer la balle très haut au-dessus de l'adversaire et hors de sa portée ?lob
79%
Dans la bande dessinée “Boule et Bill”, quelle est la race de Bill ?cocker
77%
Quelle montagne à Hong Kong porte le nom d'une reine britannique : le pic ...?Victoria
74%
Quel animal est le symbole actuel de la ville de Berlin ?ours
72%
Dans le film "Le Père Noël est une ordure", quel personnage se dit "épouse X" ?Zézette
47%
En médecine, par quel terme désigne-t-on une femme en train d'accoucher ?parturiente
21%
Quel héros mythologique triompha de la Chimère, grâce au cheval ailé Pégase qu'il avait dompté ?Bellérophon
12%

Distribution des résultats

Percentile par nombre de réponses

% des personnes avec chaque résultat

Votre développement - résultats

Vous n’avez pas pris ce quiz